| 000 | 00000nam 2200000zi 4500 |
| 001 | 9.922213 |
| 003 | CaOODSP |
| 005 | 20230503125404 |
| 006 | m o d f |
| 007 | cr |n||||||||| |
| 008 | 230503e200305##oncd ob f000 0 fre d |
| 040 | |aCaOODSP|bfre|erda|cCaOODSP |
| 043 | |an-cn--- |
| 086 | 1 |aIu64-199/2003F-PDF |
| 245 | 00|aÉtude canadienne de l'impact d'Internet : |bl'expérience internationale : un rapport intermédiaire / |cInitiative canadienne pour le commerce électronique. |
| 264 | 1|a[Ottawa] : |bIndustrie Canada, |cMai 2003. |
| 300 | |a1 ressource en ligne (28 pages) : |bgraphiques |
| 336 | |atexte|btxt|2rdacontent/fre |
| 337 | |ainformatique|bc|2rdamedia/fre |
| 338 | |aressource en ligne|bcr|2rdacarrier/fre |
| 500 | |aÉdition numérisée de l'imprimé [par Innovation, Sciences et Développement économique Canada]. |
| 500 | |aPublié aussi en anglais sous le titre : Net impact study Canada : the international experience : interim report. |
| 504 | |aComprend des références bibliographiques. |
| 650 | 6|aCommerce électronique|zCanada. |
| 650 | 6|aPetites et moyennes entreprises|xInnovations|zCanada. |
| 650 | 6|aEntreprises|xInnovations|zCanada. |
| 650 | 6|aInternet|xAspect économique|zCanada. |
| 710 | 1 |aCanada. |bIndustrie Canada, |eorganisme de publication. |
| 710 | 2 |aInitiative canadienne pour le commerce électronique, |eorganisme de publication. |
| 775 | 08|tNet impact study Canada : |w(CaOODSP)9.892925 |
| 856 | 40|qPDF|s3.28 Mo|uhttps://publications.gc.ca/collections/collection_2023/isde-ised/iu64/Iu64-199-2003-fra.pdf |